000 00376nam a2200133Ia 4500
003 GCL
008 140319s9999 xx 000 0 ara d
040 _aGCL /
_cGCL
082 0 4 _a245
_bم د
245 1 0 _aدراسات نقدية فى مذاهب الفرق الكلامية
260 _a[S.N] :
_bدار الثقافة العربية ،
_c1990
300 _a378 ص
490 _a
999 _c35589
_d35589